VARIABILITY OF SOIL MOISTURE IN POLAND

Bibliographic Details
Main Author: Koźmiński, Czesław (Author)
Format: Article
Language:English
ISBN:8071375004

MARC

LEADER 00000naa a2200000uu 4500
001 vtls010961282
003 SK-MaSNL
005 20260302121042.0
008 210907|1998 xo |||||||||||||||||eng|
015 |a SNBRA 
035 |a (urnnbn)urn:nbn:sk:snk:ar-a0brzv 
035 |a (uuid)dc633d2c-ac6d-4f0a-bec7-9644914283db 
035 |a urn:nbn:sk:snk-aaujnq 
040 |a SNKBUCL  |b slo  |c SNKBUCL  |e AACR2 
041 0 |a eng 
044 |a xo  |c SK 
100 1 |a Koźmiński, Czesław  |4 aut  |9 802530 
245 1 0 |a VARIABILITY OF SOIL MOISTURE IN POLAND  |c Czesław Koźmiński 
773 0 |t Short communications  |d Nitra : Slovenská poľnohospodárska univerzita, 1998, 1998  |g S. 355-356  |z 8071375004 
958 |a OND 
958 |a article11 
958 |a chapter 
999 |c 1272321  |d 1274251